[Event "MEX-ch U26 (Women)"]
[Site "Merida"]
[Date "2019.05.14"]
[Round "3"]
[White "Argaez Dominguez, Lizette P"]
[Black "Viveros Mendoza, Cynthia"]
[Result "1-0"]
[WhiteElo "1426"]
[BlackElo "1514"]
[PlyCount "87"]
[EventDate "2019.05.12"]
[EventType "swiss"]
[EventRounds "6"]
[EventCountry "MEX"]
[SourceTitle "EXT 2020"]
[Source "ChessBase"]
[SourceDate "2019.10.17"]
[SourceVersion "1"]
[SourceVersionDate "2019.10.17"]
[SourceQuality "1"]

1. e4 e6 2. d4 d5 3. Nd2 Nf6 4. e5 Nfd7 5. Ngf3 c5 6. c3 Qb6 7. Bd3 Nc6 8. 0-0 cxd4 9. cxd4 Nxd4 10. Nxd4 Qxd4 11. Nf3 Qb6 12. Qa4 a6 13. a3 Be7 14. Qg4 0-0 15. Bh6 g6 16. Bxf8 Nxf8 17. b4 Bd7 18. Rac1 a5 19. Rb1 axb4 20. axb4 Ra4 21. Bc2 Ra8 22. Rfc1 Rc8 23. Bd3 Rxc1+ 24. Rxc1 Qxb4 25. Qxb4 Bxb4 26. Rb1 Ba5 27. Rxb7 Bc6 28. Ra7 Bd8 29. Ra6 Bd7 30. Kf1 Kg7 31. Ra8 Bb6 32. Rb8 Ba5 33. Ra8 Bc3 34. Ra3 d4 35. Ra6 Bc8 36. Rd6 f6 37. exf6+ Kf7 38. Nxd4 Bb4 39. Rc6 Bd7 40. Rc1 Kxf6 41. Rb1 Bc5 42. Ne2 g5 43. Rb7 h6 44. Bb5 1-0